| 000 | 00750nam a2200253Ia 4500 | ||
|---|---|---|---|
| 003 | OSt | ||
| 005 | 20220926012232.0 | ||
| 006 | a|||||r|||| 00| 0 | ||
| 007 | ta | ||
| 008 | 220923b |||||||| |||| 00| 0 eng d | ||
| 037 | _cGeneral Book | ||
| 040 |
_aRTL _cRTL _beng |
||
| 041 |
_2eng _aeng |
||
| 082 | _aYb4, N5 | ||
| 100 |
_aNicholson Linda _9249851 |
||
| 245 | 0 |
_aSocial postmodernism _b Beyond identity politics |
|
| 260 |
_aNew York _bCambridge _c1995 |
||
| 300 |
_axiii,397p _ccm. |
||
| 490 | _aCambridge Cultural Social Studies | ||
| 500 | _aBibliography chapterwise | ||
| 700 |
_a Seidman Steven Ed. _9131793 |
||
| 942 |
_hYb4, N5 _cGB _2CC |
||
| 999 |
_c622144 _d622144 |
||